[Event "TC Hartwell Memorial"]
[Site "Twin Falls, ID"]
[Date "2006.05.27"]
[Round "2.4"]
[White "Eacker, Barry D"]
[Black "Jiang, Adam Z"]
[Result "1/2-1/2"]
[WhiteElo "1635"]
[BlackElo "1344"]

1. Nf3 d5 2. c4 e6 3. g3 Nf6 4. Bg2 Nc6 5. O-O dxc4 6. Qa4 Bd7 7. Qxc4 Bd6 8.
d4 e5 9. d5 Ne7 10. e4 O-O 11. Nc3 Ng6 12. Bg5 Rc8 13. Rac1 c6 14. Bxf6 Qxf6
15. Qd3 Rfd8 16. Rfd1 Bb8 17. Qe3 h6 18. dxc6 Bxc6 19. Nd5 Bxd5 20. Rxc8 Rxc8
21. Rxd5 Rd8 22. Qd3 Rxd5 23. Qxd5 Qe7 24. Nd2 Kf8 25. Bh3 Qc7 26. Kg2 b6 27.
Nc4 Ne7 28. Qd7 Qxd7 29. Bxd7 f6 30. Kf3 Kf7 31. Ke3 Ng6 32. Kd3 Ke7 33. Bc6
Kd8 34. Ne3 Ne7 35. Ba8 Kd7 36. Nf5 Nxf5 37. exf5 Kd6 38. Ke4 {#d} 1/2-1/2

[Event "TC Hartwell Memorial"]
[Site "Twin Falls, ID"]
[Date "2006.05.27"]
[Round "3.3"]
[White "Jiang, Robert Z"]
[Black "Mabry, William B"]
[Result "0-1"]
[WhiteElo "540"]
[BlackElo "1319"]

1. e4 e6 2. Bc4 d5 3. exd5 exd5 4. Bb3 Be6 5. Nf3 Nf6 6. O-O Nbd7 7. Ba4 Ne4
8. d3 Nec5 9. b3 Be7 10. Ba3 Nxa4 11. Bxe7 Qxe7 12. bxa4 Qf6 13. Na3 a6 14.
Qb1 Rb8 15. Qb4 Qg6 16. Qc3 O-O 17. Ne5 Nxe5 18. Qxe5 Bh3 19. Qg3 Qxg3 20.
fxg3 Bd7 21. a5 Rfe8 22. Rfe1 Rxe1+ 23. Rxe1 Kf8 24. Kf2 Re8 25. Rxe8+ Kxe8
26. Ke3 Ke7 27. c4 dxc4 28. dxc4 Be6 29. Kd4 Kd7 30. Ke5 f6+ 31. Kf4 Kc6 32.
Ke4 Kc5 33. Kd3 Kb4 34. Nc2+ Kxa5 35. Nd4 Bf7 36. a3 Ka4 37. c5 c6 38. Nc2
Bg6+ 39. Kc3 Bxc2 40. Kxc2 Kxa3 41. Kc3 Ka4 42. Kc4 Ka5 43. h4 h5 44. Kd4 Kb4
{#R} 0-1

[Event "WIO (Open)"]
[Site "Boise, ID"]
[Date "2006.12.09"]
[Round "1.2"]
[White "Reynolds, Garrett"]
[Black "Jiang, Adam Z"]
[Result "1-0"]
[WhiteElo "1923"]
[BlackElo "1469"]

1. e4 c5 2. d3 Nc6 3. Nf3 d6 4. c3 g6 5. Qc2 Bg7 6. Be3 e6 7. Nbd2 Nge7 8. Be2
Bd7 9. Nc4 Qc7 10. Bf4 e5 11. Bg3 O-O 12. Nfd2 Be6 13. O-O b5 14. Ne3 Rfd8 15.
f4 Rac8 16. f5 Bh6 17. Ng4 Bxd2 18. fxe6 Bg5 19. Rxf7 h5 20. Qd2 hxg4 21. Qxg5
Rf8 22. Raf1 Qb8 23. Qh6 {#r} 1-0

[Event "WIO (Open)"]
[Site "Boise, ID"]
[Date "2006.12.09"]
[Round "2.4"]
[White "Jiang, Adam Z"]
[Black "Harmon-Vellotti, Luke"]
[Result "1-0"]
[WhiteElo "1469"]
[BlackElo "1229"]

1. e4 e5 2. Nf3 Nc6 3. d4 exd4 4. Nxd4 Bc5 5. Be3 Bxd4 6. Bxd4 Nxd4 7. Qxd4
Qf6 8. Qc3 Qxc3+ 9. Nxc3 d6 10. O-O-O Nf6 11. f3 Be6 12. Nb5 O-O-O 13. Nxa7+
Kb8 14. Nb5 Rhe8 15. Nd4 Bd7 16. Bc4 Be6 17. Nxe6 fxe6 18. Rhe1 c6 19. e5 Nd5
20. exd6 Rxd6 21. Bb3 b5 22. a4 Kc7 23. axb5 cxb5 24. Bxd5 Kd7 25. Be4 g6 26.
Bd3 {#r} 1-0

[Event "WIO (Open)"]
[Site "Boise, ID"]
[Date "2006.12.09"]
[Round "3.3"]
[White "Nahlen, John P"]
[Black "Jiang, Adam Z"]
[Result "0-1"]
[WhiteElo "1363"]
[BlackElo "1469"]

1. e4 c5 2. f4 d6 3. Nc3 Nc6 4. Nf3 g6 5. Bc4 Bg7 6. O-O Nf6 7. Ng5 O-O 8. f5
Ne5 9. Qe2 a6 10. fxg6 hxg6 11. Nd5 Nxd5 12. exd5 b5 13. Bd3 c4 14. Be4 Qb6+
15. Kh1 Bg4 16. Bf3 Nxf3 17. Nxf3 Bxf3 18. Rxf3 Qb7 19. d3 cxd3 20. Rxd3 Rac8
21. c3 Rfe8 22. Bd2 Qd7 23. Rf1 f6 24. Rh3 Kf7 25. Rff3 Rh8 26. Rhg3 Bh6 27.
Qd3 f5 28. Bg5 Bxg5 29. Rxg5 Rhg8 30. Re3 Rg7 31. Re6 Rcg8 32. Rg3 Qc7 33. b3
Qc5 34. Rf3 Re8 35. g4 Kg8 36. gxf5 gxf5 37. Rg3 Qf2 38. Rxg7+ Kxg7 39. Qh3
Qf4 40. Re3 Kf6 41. Rf3 Qg5 42. Rg3 Qf4 43. Qh5 Qe4+ 44. Kg1 Ke5 45. Qd1 Rh8
46. Qd2 Qb1+ 47. Kg2 Qe4+ 48. Kf1 Qb1+ 49. Kf2 Rxh2+ 50. Rg2 Rxg2+ 51. Kxg2
Qe4+ 52. Kf2 Qf4+ 53. Qxf4+ Kxf4 54. c4 bxc4 55. bxc4 Ke4 56. Kg3 f4+ 57. Kf2
Kd4 58. Kf3 Kxc4 59. Kxf4 Kxd5 60. Ke3 e5 61. Kd3 Kc5 62. Kc3 e4 63. a3 d5 64.
a4 a5 65. Kb3 e3 66. Kc3 d4+ 67. Kc2 Kc4 68. Kc1 Kc3 69. Kd1 d3 70. Ke1 d2+
71. Kd1 e2+ 72. Kxe2 Kc2 73. Ke3 d1=Q 74. Ke4 Qd2 75. Ke5 Qd3 76. Kf4 Qe2 77.
Kf5 Qe3 78. Kf6 Qe4 79. Kg5 Qf3 80. Kg6 Qf4 81. Kg7 Qf5 82. Kg8 Qd7 83. Kf8
Kd3 84. Kg8 Ke4 85. Kf8 Kf5 86. Kg8 Kg6 87. Kh8 Qh7# 0-1

[Event "WIO (Open)"]
[Site "Boise, ID"]
[Date "2006.12.10"]
[Round "4.2"]
[White "Jiang, Adam Z"]
[Black "Roland, Jeffrey T"]
[Result "1/2-1/2"]
[WhiteElo "1469"]
[BlackElo "1706"]

1. e4 e5 2. Nf3 Nc6 3. d4 exd4 4. Nxd4 Qh4 5. Nb5 Qxe4+ 6. Qe2 Qxe2+ 7. Bxe2
Kd8 8. Bf4 d6 9. c3 Nf6 10. Nd2 a6 11. Na3 Be7 12. Nc2 Be6 13. O-O Nd5 14. Bg3
g5 15. Nf3 f5 16. Nfd4 Nxd4 17. Nxd4 Bd7 18. h3 h5 19. Bf3 c6 20. Bxd5 cxd5
21. Rfe1 f4 22. Bh2 Bf6 23. Rad1 Be5 24. Nf3 g4 25. Nxe5 dxe5 26. hxg4 hxg4
27. Rxd5 Rg8 28. Rd3 {#d} 1/2-1/2

[Event "WIO (Reserve)"]
[Site "Boise, ID"]
[Date "2006.12.09"]
[Round "3.3"]
[White "Jiang, Robert Z"]
[Black "Barry, Sean A"]
[Result "1-0"]
[WhiteElo "852"]
[BlackElo "824"]

1. e4 e5 2. Nf3 Nc6 3. Bb5 Bc5 4. Nc3 d6 5. d3 Nf6 6. Bg5 Bg4 7. h3 Be6 8. O-O
O-O 9. Bc4 Bxh3 10. gxh3 Qd7 11. Nh2 Qxh3 12. Qf3 Qxf3 13. Nxf3 Ng4 14. Bh4
Nb4 15. Rac1 Bd4 16. a3 Bxc3 17. bxc3 Nc6 18. Rb1 b6 19. Bd5 Rac8 20. Bxc6 a5
21. Bd7 Rb8 22. Bxg4 c5 23. Be7 Rfe8 24. Bxd6 Rb7 25. Nxe5 g6 26. Nc4 h5 27.
Bf3 Re6 28. e5 Kg7 29. Bxb7 f6 30. Bd5 Re8 31. exf6+ Kxf6 32. Be5+ Kg5 33. Bg3
h4 34. Bh2 Kh5 35. Kh1 g5 36. Rxb6 g4 37. Bf7+ Kg5 38. Bxe8 g3 39. fxg3 hxg3
40. Rg6+ Kh4 41. Rf4+ Kh5 42. Rf5+ Kh4 43. Bxg3+ Kh3 44. Bd6 Kh4 45. Be7+ Kh3
46. Rh5# 1-0

[Event "WIO (Reserve)"]
[Site "Boise, ID"]
[Date "2006.12.10"]
[Round "5.6"]
[White "Jiang, Robert Z"]
[Black "Andrade, Dylan F"]
[Result "1-0"]
[WhiteElo "852"]
[BlackElo "817"]

1. e4 e5 2. Nf3 Nc6 3. Bb5 d6 4. Nc3 Bd7 5. d3 Be7 6. h3 Nf6 7. Bg5 O-O 8. O-O
a6 9. Ba4 b5 10. Bb3 Nd4 11. Nd5 Nxb3 12. Nxf6+ Bxf6 13. Bxf6 Qxf6 14. axb3
Qe7 15. Nd2 h6 16. Nb1 Be8 17. Nc3 f6 18. Nd5 Qe6 19. Nxc7 Qc8 20. Nd5 h5 21.
Ne7+ Kf7 22. Nxc8 Rxc8 23. Qxh5+ Ke7 24. Qg4 Bd7 25. Qxg7+ Ke8 26. Rxa6 Rxc2
27. Rxd6 Rc7 28. Ra1 Rf7 29. Qg8+ Ke7 30. Rb6 Bxh3 31. gxh3 Rd7 32. Rb8 b4 33.
Qe8+ Kd6 34. Ra6+ Kc7 35. Qc8# 1-0

[Event "Idaho Closed"]
[Site "Boise, ID"]
[Date "2007.02.17"]
[Round "1.16"]
[White "Patterson, Emily N"]
[Black "Jiang, Adam Z"]
[Result "1/2-1/2"]
[WhiteElo "327"]
[BlackElo "1489"]

1. e4 c5 2. Nf3 d6 3. d4 cxd4 4. Nxd4 Nf6 5. Nc3 g6 6. Bb5+ Bd7 7. Bxd7+ Qxd7
8. O-O Bg7 9. Nd5 O-O 10. Nxf6+ Bxf6 11. Bh6 Bg7 12. Bxg7 Kxg7 13. Qf3 Nc6 14.
Nxc6 Qxc6 15. Qd3 Rac8 16. c3 f6 17. Qd5 Qb6 18. Qd2 Rc5 19. g3 Rfc8 20. Rfc1
Qc6 21. Qd3 b5 22. Rc2 b4 23. Rac1 bxc3 24. Rxc3 Qb6 25. Rxc5 Rxc5 26. Rxc5
Qxc5 27. Qd5 Qxd5 28. exd5 Kf7 29. Kf1 e6 30. dxe6+ Kxe6 31. Ke2 Kd5 32. Kd3
g5 33. b4 f5 34. a4 h5 35. b5 Kc5 36. Kc3 d5 37. f3 d4+ 38. Kd3 Kb4 39. Kxd4
Kxa4 40. Kc5 Ka5 41. h3 g4 42. hxg4 f4 43. Kd4 fxg3 44. Ke3 h4 45. Ke2 h3 46.
Kf1 Kxb5 47. g5 Kc4 48. g6 Kd3 49. g7 Ke3 50. g8=Q Kxf3 51. Qf7+ Kg4 52. Kg1
a5 53. Qe6+ Kh4 54. Qe4+ Kg5 55. Qe5+ Kg4 56. Qxa5 Kf4 57. Qh5 Ke4 58. Qxh3
Kf3 59. Qg2+ Kg4 60. Kf1 Kf4 61. Ke2 Kg4 62. Qf3+ Kh3 63. Ke3 Kh2 64. Kf4 g2
65. Qf2 Kh1 66. Qf3 Kh2 67. Qg3+ Kh1 {#d} 1/2-1/2

[Event "Idaho Closed"]
[Site "Boise, ID"]
[Date "2007.02.17"]
[Round "2.11"]
[White "Jiang, Adam Z"]
[Black "Daptardar, Soham Virendra"]
[Result "1-0"]
[WhiteElo "1489"]
[BlackElo "855"]

1. e4 e6 2. d4 d5 3. e5 c5 4. c3 Nc6 5. Nf3 Qb6 6. Bd3 cxd4 7. cxd4 Bd7 8. Bc2
f6 9. O-O O-O-O 10. a3 fxe5 11. dxe5 h6 12. b4 g5 13. h3 Be7 14. Re1 Rf8 15.
Be3 Qc7 16. Bd2 Bd8 17. Nc3 Nge7 18. Nb5 Qb8 19. Nd6+ Kc7 20. Rc1 Nf5 21. Bxf5
exf5 22. b5 g4 23. hxg4 fxg4 24. Nd4 Be7 25. bxc6 bxc6 26. Ba5+ Qb6 27. Bxb6+
axb6 28. N6b5+ Kb7 29. Qc2 Rc8 30. Nd6+ Bxd6 31. exd6 h5 32. Re7 Rhd8 33. Qh7
Kb8 34. Nxc6+ Bxc6 35. Rc7 Rxc7 36. dxc7+ Kb7 37. cxd8=Q+ Ka6 38. Rxc6 Ka5 39.
Qxb6+ Ka4 40. Qb4# 1-0

[Event "Idaho Closed"]
[Site "Boise, ID"]
[Date "2007.02.18"]
[Round "3.6"]
[White "Booth, Tom R"]
[Black "Jiang, Adam Z"]
[Result "1-0"]
[WhiteElo "1454"]
[BlackElo "1779"]

1. d4 Nf6 2. c4 e6 3. Nf3 b6 4. g3 Bb7 5. Bg2 c5 6. O-O Qc7 7. Bf4 Bd6 8. Bxd6
Qxd6 9. Nc3 cxd4 10. Nb5 Qc5 11. Qxd4 Qxd4 12. Nfxd4 Bxg2 13. Kxg2 Kd8 14.
Rfd1 a6 15. Nd6 Ke7 16. Nf3 Ne8 17. Nc8+ Kd8 18. Nxb6 Ra7 19. Ne5 Kc7 20.
Nbxd7 Nd6 21. Nxb8 Rxb8 22. b3 f6 23. c5 fxe5 24. cxd6+ Kd7 25. Rac1 Rb5 26.
e4 Rb6 27. Rc7+ Rxc7 28. dxc7+ Kxc7 29. Kf3 Rc6 30. Rd2 Rc3+ 31. Ke2 Rc6 32.
h4 Rd6 33. Rxd6 Kxd6 34. b4 Kc6 35. Kd3 g6 36. Kc4 Kb6 37. a4 Kc6 38. b5+
axb5+ 39. axb5+ Kb6 40. g4 h6 41. g5 hxg5 42. hxg5 Kc7 43. Kc5 Kd7 44. b6 Kc8
45. Kc6 Kb8 46. b7 Ka7 47. Kc7 Ka6 48. b8=Q {#r} 1-0

[Event "Idaho Closed"]
[Site "Boise, ID"]
[Date "2007.02.18"]
[Round "4.11"]
[White "Jiang, Adam Z"]
[Black "Hatch, Rich"]
[Result "1/2-1/2"]
[WhiteElo "1489"]
[BlackElo "922"]

1. e4 e5 2. Nf3 Nc6 3. d4 exd4 4. Nxd4 Nxd4 5. Qxd4 d6 6. Nc3 c6 7. Bf4 Qf6 8.
Qd2 Bg4 9. f3 Bh5 10. O-O-O Be7 11. Bxd6 Rd8 12. e5 Qh6 13. Qxh6 Nxh6 14. Bxe7
Kxe7 15. Bd3 Bg6 16. Rhe1 Bxd3 17. Rxd3 Rxd3 18. cxd3 Rd8 19. Kc2 Nf5 20. Ne2
g5 21. g4 Nd4+ 22. Nxd4 Rxd4 23. Kd2 Ke6 24. Kc3 Rf4 25. Re3 c5 26. a3 a5 27.
Kd2 Rd4 28. Re2 c4 {#d} 1/2-1/2

[Event "Idaho Closed"]
[Site "Boise, ID"]
[Date "2007.02.19"]
[Round "5.10"]
[White "Takeuchi, Danny J"]
[Black "Jiang, Adam Z"]
[Result "0-1"]
[WhiteElo "983"]
[BlackElo "1489"]

1. e4 c5 2. Nf3 d6 3. d4 cxd4 4. Nxd4 Nf6 5. Nc3 Nc6 6. Bc4 g6 7. Be3 Bg7 8.
O-O O-O 9. Re1 a6 10. Qd2 Qc7 11. Rad1 Nxe4 12. Nxe4 Nxd4 13. Bxd4 Qxc4 14.
Bxg7 Kxg7 15. Qc3+ Qxc3 16. Nxc3 Be6 17. Nd5 Bxd5 18. Rxd5 Rfe8 19. Rd3 Rac8
20. c3 b5 21. Rde3 e6 22. Rd1 d5 23. h3 Kf6 24. Kh2 h5 25. Kg3 Rg8 26. Rdd3
Rcd8 27. f4 Ke7 28. Kf2 Kd6 29. b3 Rd7 30. g3 f6 31. Rd2 e5 32. fxe5+ fxe5 33.
Red3 Kc5 34. Rf3 Rgd8 35. Rf6 Rd6 36. Rf7 d4 37. cxd4+ exd4 38. Rc7+ Kb6 39.
Rcc2 Rc6 40. Rxc6+ Kxc6 41. Ke2 Kd5 42. Rd3 Ke4 43. Kd2 b4 44. Ke2 Rc8 45. Rd2
Rc3 46. Kf2 d3 47. Ke1 Ke3 48. Kd1 Kf3 49. g4 hxg4 50. hxg4 g5 51. Rb2 Kxg4
52. Rg2+ Kf4 53. Rf2+ Ke3 54. Rg2 Kf4 55. Rf2+ Kg3 56. Rd2 g4 57. Rb2 Kf3 58.
Rh2 g3 59. Rd2 g2 60. Rxg2 Kxg2 61. Kd2 Kf3 62. Kd1 Ke3 63. Ke1 Rc1# 0-1

[Event "Idaho Closed"]
[Site "Boise, ID"]
[Date "2007.02.19"]
[Round "6.6"]
[White "Jiang, Adam Z"]
[Black "Roland, Jeffrey T"]
[Result "1-0"]
[WhiteElo "1489"]
[BlackElo "1727"]

1. e4 c5 2. Nf3 d6 3. d4 cxd4 4. Nxd4 a6 5. Bc4 e6 6. Nc3 Ne7 7. Bb3 Nbc6 8.
Be3 Nxd4 9. Bxd4 Nc6 10. O-O Nxd4 11. Qxd4 Bd7 12. Rad1 Bc6 13. Kh1 Qf6 14.
Qxf6 gxf6 15. f3 O-O-O 16. Rfe1 h5 17. Ne2 Bh6 18. Nd4 Kc7 19. Bxe6 fxe6 20.
Nxe6+ Kc8 21. Nxd8 Rxd8 22. b3 h4 23. Rd3 Kc7 24. Red1 Bf4 25. c4 b6 26. b4
Ba4 27. Rg1 Bd7 28. g3 hxg3 29. hxg3 Rh8+ 30. Kg2 Bh3+ 31. Kf2 Bh6 32. g4 Bf4
33. Rd5 {#r} 1-0

[Event "WIO (Open)"]
[Site "Caldwell, ID"]
[Date "2008.05.24"]
[Round "1.4"]
[White "Abderhalden, Richard Robert"]
[Black "Jiang, Adam Z"]
[Result "0-1"]
[WhiteElo "1122"]
[BlackElo "1496"]

1. e4 c5 2. Bc4 Nc6 3. Nf3 g6 4. d3 Bg7 5. Nc3 Nf6 6. Bf4 O-O 7. Qd2 d6 8.
O-O-O a6 9. Bh6 b5 10. Bxg7 Kxg7 11. Bd5 Nxd5 12. exd5 Nd4 13. Qe3 Nf5 14. Qf4
b4 15. Ne2 Qa5 16. Kb1 Bb7 17. h4 Bxd5 18. b3 e5 19. Qg4 h5 20. Qh3 Qb5 21. g4
Nxh4 22. Neg1 Nxf3 23. Nxf3 Qc6 24. gxh5 Bxf3 25. Rdg1 Bxh1 26. hxg6 fxg6 {#R}
0-1

[Event "WIO (Open)"]
[Site "Caldwell, ID"]
[Date "2008.05.24"]
[Round "2.2"]
[White "Jiang, Adam Z"]
[Black "Abderhalden, Katherine Louise"]
[Result "1/2-1/2"]
[WhiteElo "1496"]
[BlackElo "1260"]

1. e4 c5 2. Nf3 Nc6 3. d4 cxd4 4. Nxd4 Nf6 5. Nc3 e6 6. Bc4 Bb4 7. f3 O-O 8.
Bg5 d5 9. exd5 exd5 10. Be2 Re8 11. a3 Bc5 12. Nb3 Bb6 13. Qd2 h6 14. Bf4 Nh5
15. Bg3 Nxg3 16. hxg3 Be3 17. Qxd5 Qb6 18. Nd1 Be6 19. Qd3 Bxb3 20. Qxb3 Qxb3
21. cxb3 Nd4 22. Kf1 Nxe2 23. Kxe2 Bd4+ 24. Kf1 Rac8 25. Rh4 Be5 26. Rg4 f5
27. Rb4 Bxg3 28. Nc3 b6 29. Rd4 Be5 30. Rd3 Re6 31. Rad1 Bxc3 32. bxc3 Rce8
33. Rd7 Re3 34. Rc7 R3e5 35. Rdd7 f4 36. Rxg7+ Kh8 37. Rh7+ Kg8 38. Rhg7+ Kh8
39. Rh7+ Kg8 {#d} 1/2-1/2

[Event "WIO (Open)"]
[Site "Caldwell, ID"]
[Date "2008.05.24"]
[Round "3.2"]
[White "Stark, Jim"]
[Black "Jiang, Adam Z"]
[Result "1-0"]
[WhiteElo "1547"]
[BlackElo "1496"]

1. d4 Nf6 2. c4 c6 3. Nc3 d5 4. e3 Bf5 5. Nf3 e6 6. cxd5 cxd5 7. Bb5+ Nbd7 8.
Ne5 a6 9. Bxd7+ Nxd7 10. Nxd7 Qxd7 11. O-O Bd6 12. Ne2 O-O 13. Ng3 Bg6 14. f3
Rac8 15. Rf2 Rc6 16. Bd2 Rfc8 17. Bc3 Qc7 18. Nf1 b5 19. Qe1 Bd3 20. f4 Qb8
21. a3 Bg6 22. g4 f5 23. gxf5 exf5 24. h4 Be7 25. Rg2 Qc7 26. Qg3 Bf8 27. Qh3
Qf7 28. Ng3 Qe6 29. Re2 h6 30. h5 Bh7 31. Nf1 Kh8 32. Rg2 a5 33. Bxa5 Rc1 34.
Rxc1 Rxc1 35. Bc3 Bxa3 36. Bd2 Ra1 37. bxa3 Rxa3 38. Bb4 Ra7 39. Qg3 Rf7 40.
Rc2 Qd7 41. Rc5 Qa7 42. Rc8+ Bg8 43. Qe1 Rc7 44. Rxc7 Qxc7 45. Ng3 Be6 46. Qb1
Qd7 47. Qc2 Kg8 48. Qc5 Kf7 49. Qf8# 1-0

[Event "WIO (Reserve)"]
[Site "Caldwell, ID"]
[Date "2008.05.24"]
[Round "1.3"]
[White "Jiang, Robert Z"]
[Black "Pemsler, Carmen"]
[Result "1-0"]
[WhiteElo "837"]
[BlackElo "241"]

1. e4 c5 2. Nf3 Nc6 3. d4 cxd4 4. Nxd4 Nxd4 5. Qxd4 Nf6 6. Bg5 d6 7. Bb5+ Bd7
8. Nc3 e5 9. Bxd7+ Qxd7 10. Qc4 d5 11. Nxd5 Nxd5 12. Qxd5 Qxd5 13. exd5 Bb4+
14. c3 Bc5 15. f4 e4 16. O-O-O O-O 17. Rhe1 Rfe8 18. d6 f6 19. d7 Red8 20. Rd5
Be7 21. Rxe4 Kf8 22. Bh4 g5 23. fxg5 fxg5 24. Bg3 a6 25. Bc7 Rdb8 26. Bxb8
Rxb8 27. Rde5 Bd8 28. Re8+ Kf7 29. R4e7+ Bxe7 30. Rxb8 Ke6 31. d8=Q Bxd8 32.
Rxd8 h5 33. Rh8 h4 34. h3 b5 35. Ra8 Kd5 36. Rxa6 Kc5 37. Rg6 b4 38. cxb4+
Kxb4 39. Rxg5 Kc4 40. Rf5 Kd4 41. Rf3 Kc4 42. a3 Kd5 43. Rf4 Kd6 44. Rf5 Ke6
45. Ra5 Kd6 46. Kc2 Kc6 47. Kb3 Kb6 48. Rh5 Kc6 49. Kc4 Kd6 50. Kd4 Ke6 51.
Ra5 Kd6 52. Ra6+ Ke7 53. Kd5 Kf7 54. Ke5 Kg7 55. Kf5 Kh7 56. Kg5 Kh8 57. Kg6
Kg8 58. Ra8# 1-0

[Event "WIO (Reserve)"]
[Site "Caldwell, ID"]
[Date "2008.05.24"]
[Round "2.1"]
[White "Jiang, Robert Z"]
[Black "Patterson, Kevin R"]
[Result "0-1"]
[WhiteElo "837"]
[BlackElo "896"]

1. e4 e6 2. d4 d5 3. e5 c5 4. Nf3 f6 5. Nc3 Nc6 6. Bb5 Bd7 7. Bf4 Qb6 8. Bxc6
Bxc6 9. Rb1 Bb5 10. Nxb5 Qxb5 11. b3 fxe5 12. Bxe5 Nf6 13. Rc1 Ne4 14. c4 Qa5+
15. Kf1 Qxa2 16. Rc2 Qxb3 17. Nd2 Qd3+ 18. Ke1 Nc3 19. Qc1 Qe2# 0-1

[Event "Idaho Scholastic Ch"]
[Site "Boise, ID"]
[Date "2011.03.19"]
[Round "3.3"]
[White "Marcusen, Tyler Don"]
[Black "Jiang, Adam Z"]
[Result "0-1"]
[WhiteElo "1058"]
[BlackElo "1563"]

1. d4 Nf6 2. c4 d5 3. Nc3 c6 4. Bf4 e6 5. e3 Nbd7 6. Nf3 dxc4 7. Bxc4 b5 8.
Bd3 Bb7 9. a3 a6 10. Ne4 Nxe4 11. Bxe4 Nf6 12. Bd3 c5 13. Be5 c4 14. Bc2 Qa5+
15. Ke2 Be7 16. Qd2 Qb6 17. Rhg1 O-O 18. Qd1 Rac8 19. b3 Nd5 20. Kd2 c3+ 21.
Ke2 b4 22. a4 a5 23. Qd3 Ba6 {#R} 0-1

[Event "Idaho Scholastic Ch"]
[Site "Boise, ID"]
[Date "2011.03.19"]
[Round "4.1"]
[White "Harmon-Vellotti, Carl Honor"]
[Black "Jiang, Adam Z"]
[Result "1-0"]
[WhiteElo "1847"]
[BlackElo "1563"]

1. c4 e5 2. Nc3 Nf6 3. g3 Nc6 4. Bg2 Bc5 5. d3 d6 6. Nf3 Be6 7. O-O d5 8. cxd5
Bxd5 9. Nxd5 Nxd5 10. a3 Nf6 11. b4 Bb6 12. Bb2 Qd6 13. b5 Nd4 14. Nxd4 Bxd4
15. Bxd4 exd4 16. Bxb7 Rb8 17. Bc6+ Nd7 18. Qa4 O-O 19. Bxd7 Qxd7 20. Qxa7
Rxb5 21. Rfc1 Rc8 22. Rc4 Rb2 23. Rxd4 Qf5 24. Qxc7 Rxe2 25. Rd8+ Re8 26. Qxc8
Qxc8 27. Rxc8 Rxc8 28. a4 Rd8 29. Ra3 Ra8 30. a5 Ra6 31. Kf1 Kf8 32. Ke2 Ke7
33. Kd2 {#r} 1-0

[Event "Idaho Scholastic Ch"]
[Site "Boise, ID"]
[Date "2011.03.19"]
[Round "5.2"]
[White "Jiang, Adam Z"]
[Black "Bruck, Nick Jon"]
[Result "1-0"]
[WhiteElo "1563"]
[BlackElo "1289"]

1. e4 e5 2. Nf3 d6 3. Nc3 Nf6 4. Bc4 Nc6 5. Ng5 Be6 6. Bxe6 fxe6 7. Nxe6 Qd7
8. Nxf8 Rxf8 9. O-O O-O-O 10. d3 h6 11. a3 d5 12. exd5 Nxd5 13. Nxd5 Qxd5 14.
Be3 Nd4 15. Qg4+ Qd7 16. Qxd7+ Rxd7 17. Bxd4 exd4 18. f3 Re8 19. Rfe1 Rde7 20.
Kf2 Rxe1 21. Rxe1 Rxe1 22. Kxe1 Kd7 23. Ke2 Ke6 24. f4 b5 25. Kf3 c5 26. Ke4
g6 27. g4 a6 28. f5+ gxf5+ 29. gxf5+ Kd6 30. f6 Ke6 31. f7 Kxf7 32. Kd5 c4 33.
dxc4 bxc4 34. Kxd4 c3 35. Kxc3 Ke6 36. Kd4 Kd6 37. b4 h5 38. c4 h4 39. b5 axb5
40. cxb5 h3 41. a4 Kd7 42. a5 Kc7 43. Kc5 Kb7 44. a6+ Kc8 45. a7 Kb7 46. Kd6
Kxa7 47. Kc6 Ka8 48. Kc7 Ka7 49. b6+ Ka8 50. b7+ Ka7 51. b8=Q+ Ka6 52. Qb6#
1-0

[Event "WIO (Open)"]
[Site "Boise, ID"]
[Date "2011.12.10"]
[Round "2.4"]
[White "Merwin, Steven E"]
[Black "Jiang, Nathan"]
[Result "1-0"]
[WhiteElo "2025"]
[BlackElo "1022"]

1. e4 c5 2. c3 d5 3. exd5 Qxd5 4. d4 cxd4 5. cxd4 Nf6 6. Nc3 Qd8 7. Nf3 e6 8.
Bd3 Nc6 9. O-O a6 10. Re1 Be7 11. Be3 O-O 12. Rc1 Nd5 13. Bb1 Bd7 14. Nxd5
exd5 15. Qd3 f5 16. Qb3 Bc8 17. Bf4 Bf6 18. Rc5 Nxd4 19. Nxd4 Bxd4 20. Rxd5
Qf6 21. Rxd4+ Kh8 22. Rd6 Qh4 23. Bg3 Qg5 24. Qf7 Rg8 25. f4 Qg4 26. Bc2 {#r}
1-0

[Event "WIO (Open)"]
[Site "Boise, ID"]
[Date "2011.12.10"]
[Round "3.5"]
[White "McGarvey, James H"]
[Black "Jiang, Nathan"]
[Result "0-1"]
[WhiteElo "1600"]
[BlackElo "1022"]

1. d4 Nf6 2. c4 d6 3. Nc3 Nbd7 4. Nf3 e5 5. Bg5 Be7 6. e3 O-O 7. Be2 c6 8. O-O
e4 9. Nd2 d5 10. Rc1 h6 11. Bf4 Nb6 12. cxd5 cxd5 13. Nb5 a6 14. Bc7 Qd7 15.
Bxb6 axb5 16. Qb3 b4 17. Rc7 Qd6 18. Rxe7 Qxb6 19. Rc1 Bd7 20. a3 Rfc8 21.
Rxc8+ Rxc8 22. Nf1 Kf8 23. Rxd7 Nxd7 24. Qxd5 Qc6 25. Qxc6 bxc6 26. axb4 Rb8
27. b3 Rxb4 28. Bc4 Nb6 29. Nd2 Nxc4 30. bxc4 Rb2 31. Nf1 Rc2 32. c5 Ke7 33.
g3 Ke6 34. g4 g6 35. Ng3 Kd5 36. h4 Ra2 37. h5 Ra8 38. hxg6 fxg6 39. Ne2 Kc4
40. Kg2 Rf8 41. Nf4 Rxf4 42. exf4 Kxd4 43. Kg3 Kxc5 44. f5 gxf5 45. gxf5 Kd6
46. Kf4 c5 47. Kxe4 c4 48. f4 h5 {#R} 0-1

[Event "WIO (Open)"]
[Site "Boise, ID"]
[Date "2011.12.11"]
[Round "4.4"]
[White "Jiang, Nathan"]
[Black "Douglas, Kurt P"]
[Result "1/2-1/2"]
[WhiteElo "1022"]
[BlackElo "1763"]

1. e4 c5 2. Nf3 d6 3. d4 cxd4 4. Nxd4 Nf6 5. Nc3 a6 6. Bg5 e6 7. f4 Qc7 8. Qf3
Nbd7 9. g4 b5 10. a3 Bb7 11. O-O-O Be7 12. h4 h6 13. Bxf6 Bxf6 14. g5 hxg5 15.
hxg5 Rxh1 16. Qxh1 Bxd4 17. Rxd4 Nc5 18. Qh8+ Ke7 19. Qxg7 Rc8 20. Qf6+ Kf8
21. Bg2 Na4 22. Rd3 Qc5 23. Qh6+ Ke7 24. Qh3 Nxc3 25. Rxc3 Qg1+ 26. Kd2 {#d}
1/2-1/2

[Event "WIO (Open)"]
[Site "Boise, ID"]
[Date "2011.12.11"]
[Round "5.4"]
[White "Falbo, Clement Earl"]
[Black "Jiang, Nathan"]
[Result "0-1"]
[WhiteElo "1500"]
[BlackElo "1022"]

1. f4 d5 2. e3 e6 3. Nf3 Nc6 4. Be2 Nf6 5. O-O Bd6 6. Nc3 O-O 7. a3 Re8 8. d3
e5 9. Nb5 e4 10. dxe4 Nxe4 11. Nxd6 Qxd6 12. Bb5 a6 13. Ba4 Bg4 14. Bb3 Rad8
15. Bd2 Qc5 16. Qe1 Nxd2 17. Nxd2 Qxe3+ 18. Qxe3 Rxe3 19. Rae1 Rxe1 20. Rxe1
h6 21. h3 Be6 22. g4 g6 23. Nf3 Kg7 24. Kf2 Kf6 25. Kg3 Na5 26. g5+ hxg5 27.
fxg5+ Kg7 28. Nd4 Nxb3 29. Nxb3 Bf5 30. c3 Rd6 31. Nd4 Be4 32. Nb3 b6 33. Nd2
Bf5 34. h4 Re6 35. Rxe6 Bxe6 36. Nf3 c5 37. b4 f6 38. bxc5 bxc5 39. Kf4 a5 40.
gxf6+ Kxf6 41. Ng5 a4 42. Nh7+ Kg7 43. Ng5 Bg8 44. Nf3 Kh6 45. Kg3 Kh5 46. Ne5
g5 47. hxg5 Kxg5 48. Nd7 c4 49. Nb6 d4 50. Nxc4 dxc3 51. Ne3 Bd5 52. Nc2 Kf5
53. Kf2 Ke4 54. Ke1 Kd3 55. Nb4+ Kc4 56. Kd1 Be4 57. Kc1 Kb3 58. Nc2 Bg6 59.
Nd4+ Kxa3 60. Nb5+ Kb4 61. Nd4 a3 62. Nc2+ Bxc2 63. Kxc2 a2 {#R} 0-1

[Event "Idaho Closed"]
[Site "Boise, ID"]
[Date "2012.02.18"]
[Round "1.6"]
[White "Jiang, Nathan"]
[Black "Roland, Jeffrey T"]
[Result "1-0"]
[WhiteElo "1022"]
[BlackElo "1725"]

1. e4 e5 2. Nf3 Nc6 3. Bb5 a6 4. Ba4 d6 5. c3 Bd7 6. h3 Nge7 7. Bb3 h6 8. d4
Ng6 9. O-O Be7 10. Re1 O-O 11. Nbd2 Bf6 12. Nf1 Re8 13. Ng3 exd4 14. cxd4 Na5
15. Bc2 c5 16. e5 dxe5 17. Bxg6 fxg6 18. dxe5 Be7 19. Be3 Be6 20. Qc2 Kh7 21.
Bxc5 Qc7 22. Rac1 Rac8 23. b4 b6 24. bxa5 Qxc5 25. Qxc5 Bxc5 26. axb6 Bxb6 27.
Ne4 Rxc1 28. Rxc1 Bxa2 29. Ra1 Bc4 30. Nd6 {#r} 1-0